MARC details
| 000 -LEADER |
| campo de control de longitud fija |
02131nam a2200433 i 4500 |
| 001 - NÚMERO DE CONTROL |
| campo de control |
195664 |
| 003 - IDENTIFICADOR DE NÚMERO DE CONTROL |
| campo de control |
SpMaBN |
| 005 - FECHA Y HORA DE LA ÚLTIMA TRANSACCIÓN |
| campo de control |
20260216183922.0 |
| 008 - DATOS DE LONGITUD FIJA--INFORMACIÓN GENERAL |
| campo de control de longitud fija |
241001s2022 sp a | |||| 000 0bspa |
| 017 ## - NÚMERO DE COPYRIGHT O DE DEPÓSITO LEGAL |
| Número de copyright o de depósito legal |
CC 282-2022 |
| Agencia que asigna |
Oficina Depósito Legal Cáceres |
| 020 ## - NÚMERO INTERNACIONAL ESTÁNDAR DEL LIBRO |
| Número Internacional Estándar del Libro |
9788412609936 |
| 035 ## - NÚMERO DE CONTROL DEL SISTEMA |
| Número de control de sistema |
a7227088 |
| 040 ## - FUENTE DE CATALOGACIÓN |
| Centro catalogador/agencia de origen |
SpMaBN |
| Lengua de catalogación |
spa |
| Centro/agencia transcriptor |
SpMaBN |
| Normas de descripción |
rda |
| Centro/agencia modificador |
ES-MaACL |
| 080 ## - NÚMERO DE LA CLASIFICACIÓN DECIMAL UNIVERSAL |
| Número de la Clasificación Decimal Universal |
32 Gómez Becerra, Álvaro |
| 080 ## - NÚMERO DE LA CLASIFICACIÓN DECIMAL UNIVERSAL |
| Número de la Clasificación Decimal Universal |
342.56(460) |
| 100 1# - ENTRADA PRINCIPAL--NOMBRE DE PERSONA |
| Nombre de persona |
Pérez Mena, José Luis, |
| Fechas asociadas al nombre |
1962- |
| 9 (RLIN) |
234891 |
| Término indicativo de función/relación |
Autor |
| 245 10 - MENCIÓN DEL TÍTULO |
| Título |
Álvaro Gómez Becerra : |
| Resto del título |
político liberal y constitucionalista / |
| Mención de responsabilidad, etc. |
José Luis Pérez Mena, José Antonio Ramos Rubio. |
| 264 #1 - PRODUCCIÓN, PUBLICACIÓN, DISTRIBUCIÓN, FABRICACIÓN Y COPYRIGHT |
| Producción, publicación, distribución, fabricación y copyright |
Cáceres : |
| Nombre del de productor, editor, distribuidor, fabricante |
Tau Editores, |
| Fecha de producción, publicación, distribución, fabricación o copyright |
[2022] |
| 264 #4 - PRODUCCIÓN, PUBLICACIÓN, DISTRIBUCIÓN, FABRICACIÓN Y COPYRIGHT |
| Fecha de producción, publicación, distribución, fabricación o copyright |
©2022 |
| 300 ## - DESCRIPCIÓN FÍSICA |
| Extensión |
291 páginas : |
| Otras características físicas |
ilustraciones (blanco y negro) ; |
| Dimensiones |
23 cm |
| 336 ## - TIPO DE CONTENIDO |
| Término de tipo de contenido |
Texto |
| Fuente |
rdacontent |
| 337 ## - TIPO DE MEDIO |
| Nombre/término del tipo de medio |
sin mediación |
| Fuente |
rdamedia |
| 338 ## - TIPO DE SOPORTE |
| Nombre/término del tipo de soporte |
volumen |
| Fuente |
rdacarrier |
| 500 ## - NOTA GENERAL |
| Nota general |
"Reflexiones liberales IV"--Cubierta |
| 500 ## - NOTA GENERAL |
| Nota general |
Incluye apéndice documental |
| 504 ## - NOTA DE BIBLIOGRAFÍA, ETC. |
| Nota de bibliografía, etc. |
Bibliografía: páginas 285-290 |
| 520 ## - RESUMEN, ETC. |
| Sumario, etc. |
Álvaro Gómez Becerra (Cáceres, 1771) Político español. En 1813 es nombrado Jefe Político de Extremadura, trasladándose a Badajoz, ciudad de la que tendrá que huir poco después con la llegada a España de Fernando VII y la vuelta del absolutismo. En 1820, en el Trienio Liberal, regresa a Badajoz donde ocupa de nuevo la jefatura política de Extremadura y es presidente de la Diputación de la provincia. |
| 600 17 - PUNTO DE ACCESO ADICIONAL DE MATERIA--NOMBRE DE PERSONA |
| Nombre de persona |
Gómez Becerra, Álvaro, |
| Fechas asociadas al nombre |
1771-1855 |
| 9 (RLIN) |
149847 |
| 650 #4 - PUNTO DE ACCESO ADICIONAL DE MATERIA--TÉRMINO DE MATERIA |
| Término de materia o nombre geográfico como elemento de entrada |
Poder judicial- |
| Subdivisión geográfica |
España |
| 9 (RLIN) |
16148 |
| 655 #0 - TERMINO DE INDIZACIÓN--GENERO/FORMA |
| Datos o término principal de género/forma |
Biografías |
| 9 (RLIN) |
176647 |
| 700 1# - ENTRADA AGREGADA--NOMBRE PERSONAL |
| Nombre de persona |
Ramos Rubio, José Antonio, |
| Fechas asociadas al nombre |
1963- |
| Término indicativo de función/relación |
Autor |
| 9 (RLIN) |
174430 |
| 852 ## - LOCALIZACIÓN |
| Ubicación |
ES-MaACL |
| Sublocalización o colección |
R 153627 |
| Ubicación en estantería |
Depósito J |
| Número de control de estantería |
N-8676 |
| Donativo/Legado |
Donación: José Luis Pérez Mena y José Antonio Ramos Rubio |
| Encuadernación |
Encuadernación rústica con solapas |
| itemnumber |
204192 |
| 903 ## - NOMBRE PERSONAL DE DONANTE |
| 9 |
234891 |
| a |
Pérez Mena, José Luis, |
| d |
1962- |
| e |
Donante |
| 903 ## - NOMBRE PERSONAL DE DONANTE |
| a |
Ramos Rubio, José Antonio, |
| d |
1963- |
| e |
Donante |
| 9 |
174430 |
| 942 ## - ELEMENTOS DE ENTRADA SECUNDARIOS (KOHA) |
| Tipo de ítem Koha |
Libro impreso |
| Suprimir en OPAC |
No |